000 01510nam0a2200385 4500
001 RU\NLR\bibl\1440935
005 20260405132815.0
010 _a978-5-17-060169-1
_bАСТ
010 _a978-5-271-24236-6
_bАстрель
_97000
021 _aRU
_b2009-76624
_94789
035 _a(nilc)IZD\AST\2007\947098
035 _aRSL-KNO-004387387
035 _a(NLR Aleph) 001432793
090 _a1413336
_c1413336
100 _a20090821d2009 |||y0rusy50 ca
101 0 _arus
102 _aRU
105 _ay z |||||
200 1 _aЧиста пацанская сказка, или Дело №2 "В завязке"
_fБеркем аль Атоми
210 _aМосква
_cАСТ
_cАстрель
_d2009
215 _a319 с.
_d21
330 _aНовое произведение от автора знаменитых <Карателя> и <Мароде=ра> Беркема аль Атоми! Книга адресована широкому кругу читателей
517 0 _aДело №2 "В завязке"
686 _aШ5(2=Р)75-644
_2rubbk
686 _aШ6(2=Р)8-744.04
700 1 _4070
_7ca
_8rus
_aАтоми
_bБ. аль
_cпсевдоним
_gБеркем аль
_936499
_3RU\NLR\AUTH\7753567
801 0 _aRU
_bЛИБНЕТ
_c20090821
_gRCR
801 1 _aRU
_bЦУНБ Москва
_c20090910
_2rusmarc
801 2 _aRU
_bNLR
_c20091119
_grcr
830 _aCODE_OF_LIBNET\000041357
942 _cBOOK
980 _aNB